000 00437cam a22001571 4500
082 _a621.3192
_bREE
_cL-9, P-6
100 1 _aReed, Myril B.
_941313
245 1 0 _aAlternating-current circuit theory.
250 _a2d ed.
260 _aNew York,
_bHarper
_c[1956]
300 _a589 p.
_billus.
_c25 cm.
526 _a0
_b0
_c0
_d621_319200000000000_REE
650 0 _aElectric currents, Alternating.
650 0 _aMCE
_9379
942 _2ddc
_cBK
999 _c545457
_d545457